000 00309nam a2200121Ia 4500
008 240731s9999 xx 000 0 und d
022 _a1542-7595
245 0 _aCritical Inquiry in Language Studies
260 _bRoutledge
856 _uhttps://www.tandfonline.com/loi/hcil20
942 _2ddc
942 _cTFEJ
999 _c76101
_d76101
945 _a1
_bMadushi Gamage
_c1
_dMadushi Gamage